• 首页
  • 本馆介绍
  • 公告通知
  • 最新文献
  • 馆藏检索
  • 电子资源
  • 读者导购
  • 参考咨询
  • 我的图书馆
  • 登录
  • 详细信息显示
  • 放入我的书架
  • 预约/预借图书
  • 作者相关作品
  • 分类相关作品
  • 丛书相关作品
  • 出版社相关作品

书目信息

  • 表格格式
  • 工作单格式
  • 卡片格式
题名:
春秋史
    
 
作者: 童书业 著
分册:  
出版信息: 北京   中国文史出版社  2019
页数: 245页
开本: 23cm
丛书名:
单 册:
中图分类: K225.07
科图分类:
主题词: 古代史--gu dai shi--研究--中国--春秋时代
电子资源:
ISBN: 978-7-5205-1134-6
000 01174nam0 2200277 450
001 2159250430
005 20210926145323.0
010    @a978-7-5205-1134-6@dCNY39.80
100    @a20191016d2019 em y0chiy50 ea
101 0  @achi
102    @aCN@b110000
105    @ay z 000yy
106    @ar
200 1  @a春秋史@Achun qiu shi@f童书业著
210    @a北京@c中国文史出版社@d2019
215    @a245页@d23cm
300    @a历史系
312    @a封面英文题名:The history of Chunqiu
314    @a童书业 (1908-1968),字丕绳,号庸安。20世纪著名历史学家,顾颉刚弟子,古史辨派代表之一,曾任《禹贡》编辑,光华大学、山东大学教授,上海博物馆历史部主任。著有《春秋史》、《中国疆域沿革史略》等14部专著和129篇论文。
330    @a本书系童书业的代表作,作者严谨细致地梳理异常纷繁复杂的史料,完整地呈现了春秋时期中国历史的面貌,富有趣味地描述了主要历史事件和重要人物,清晰地勾勒了各诸侯国的纷争和关系,脉络清晰,征必有据,受到学术界一致推崇。
510 1  @aHistory of Chunqiu@zeng
606 0  @a古代史@Agu dai shi@x研究@y中国@z春秋时代
690    @aK225.07@v5
701  0 @a童书业@Atong shu ye@f(1908-1968)@4著
801  0 @aCN@b百万庄@c20210926
905    @b1299196-99@dK225.07@e81@f4
    
    春秋史/童书业著.-北京:中国文史出版社,2019
    245页;23cm
    历史系
    
    ISBN 978-7-5205-1134-6:CNY39.80
    本书系童书业的代表作,作者严谨细致地梳理异常纷繁复杂的史料,完整地呈现了春秋时期中国历史的面貌,富有趣味地描述了主要历史事件和重要人物,清晰地勾勒了各诸侯国的纷争和关系,脉络清晰,征必有据,受到学术界一致推崇。
●
相关链接 在E读中查询图书 在五车中查询图书 在当当中查询图书 在豆瓣中查询图书


正题名:春秋史     索取号:K225.07/81         预约/预借

序号 登录号 条形码 馆藏地/架位号 状态 备注
1 1299196   212991967   第二样本阅览室/ [索取号:K225.07/81] 在馆    
2 1299197   212991976   第二借阅区/ [索取号:K225.07/81] 在馆    
3 1299198   212991985   第二借阅区/ [索取号:K225.07/81] 在馆    
4 1299199   212991994   第二借阅区/ [索取号:K225.07/81] 在馆    
唐山师范学院图书馆 欢迎您!
大连网信软件有限公司© 版权所有